Welcome to the Holygrace Academy Library

Please use search bar below to get started

ALEX MACK (Record no. 456)

MARC details
000 -LEADER
fixed length control field 00492nam a22001457a 4500
020 ## - INTERNATIONAL STANDARD BOOK NUMBER
ISBN 0-671-01157-X
082 ## - DEWEY DECIMAL CLASSIFICATION NUMBER
Classification number 823
Item number DUB/A
100 ## - MAIN ENTRY--AUTHOR NAME
Personal name CATHY EAST BUBOWSKI
245 ## - TITLE STATEMENT
Title ALEX MACK
Remainder of title THRUTH TRAP!
260 ## - PUBLICATION, DISTRIBUTION, ETC. (IMPRINT)
Name of publisher MINISTREL BOOKS
300 ## - PHYSICAL DESCRIPTION
Number of Pages 132
520 ## - SUMMARY, ETC.
Summary, etc Something is wrong with Alex--she can't tell a lie. And now a goon from Paradise Chemical is snooping around her school asking questions. Will the truth be the end of Alex Mack?
650 ## - SUBJECT ADDED ENTRY--TOPICAL TERM
Topical Term FOR ALEX, THE TRUTH HURTS!
942 ## - ADDED ENTRY ELEMENTS (KOHA)
Koha item type Books
Holdings
Withdrawn status Lost status Collection code Home library Current library Shelving location Date acquired Source of acquisition Full call number Accession Number Koha item type
    Fiction Main Library Main Library On Display 01/06/2017 purchase 823 DUB/A 09494 Books